00488 2200193 4500001002100000005001500021008004100036020002200077035001900099041000700118082000800125090001400133100001300147245003300160260002900193300003300222500001100255650002800266INLIS00000000000321420241224112700241224||||||||| | ||| |||| || |  a978-979-1232-22-2 0010-1224003214 aid0 a920 a920 SUD d0 aSudirman00aDerita Pun Dapat Ditaklukkan aJakartabInterplusc2007 aiv, 124 hlm. : ilus. ; 21 cm aCet. 1 0aIlmu Sejarah & Biografi